| 000 | 00605nam a2200229Ia 4500 | ||
|---|---|---|---|
| 003 | OSt | ||
| 005 | 20220928121426.0 | ||
| 006 | a|||||r|||| 00| 0 | ||
| 007 | ta | ||
| 008 | 220927b |||||||| |||| 00| 0 eng d | ||
| 024 | _a64141 | ||
| 037 | _cTextual | ||
| 040 |
_aSDCL _cSDCL _beng |
||
| 041 |
_2eng _aeng |
||
| 082 | _aZ2,81:(Y58), M8 | ||
| 100 | _aMadholia Mata Din | ||
| 245 | 0 | _aSupreme court on reservation | |
| 260 |
_aDelhi _bKamlesh Publications _c1988 |
||
| 300 |
_axiii _ccm. |
||
| 942 |
_hZ2,81:(Y58), M8 _cTEXL _2CC |
||
| 999 |
_c766201 _d766201 |
||